Mujer a mujer (Registro nro. 60153)
[ vista simple ]
| 000 -LÍDER | |
|---|---|
| Campo fijo de descripción fija | 00602aab a2200193 4500 |
| 001 - NÚMERO DE CONTROL | |
| Campo de control | 768714001 |
| 003 - IDENTIFICADOR DEL NÚMERO DE CONTROL | |
| Campo de control | CO-MdFUSB |
| 005 - FECHA Y HORA DE LA ULTIMA TRANSACCIÓN | |
| control field | 20240614122609.0 |
| 008 - ELEMENTOS DE LONGITUD FIJA -- INFORMACIÓN GENERAL | |
| Campo fijo de descripción fija -- Información general | 170524s2000 cr ||||| |||| 00| 0 spa d |
| 022 ## - NÚMERO INTERNACIONAL NORMALIZADO PARA PUBLICACIONES SERIADAS | |
| Número Internacional Normalizado para Publicaciones Seriadas | 1409-1968 |
| 040 ## - FUENTE DE CATALOGACIÓN | |
| Agencia Catalogadora | CO-MdFUSB |
| Idioma de catalogación | spa |
| Agencia que realiza la transcripción | CO-MdFUSB |
| Agencia que realiza la modificación | CO-MdFUSB |
| 041 ## - CÓDIGO DE IDIOMA | |
| Código de idioma para texto/pista de sonido o título separado | spa |
| 100 1# - ASIENTO PRINCIPAL--NOMBRE PERSONAL | |
| Nombre personal | McNaughton, Sheila vda de |
| Término relacionador | autor |
| 245 10 - TÍTULO | |
| Título | Mujer a mujer |
| Mención de responsabilidad | / Sheila vda de McNaughton |
| 650 #0 - ASIENTO SECUNDARIO DE MATERIA - TERMINO TEMÁTICO | |
| 9 (RLIN) | 326 |
| Término temático o nombre geográfico como elemento de entrada | Mujeres |
| Subdivisión general | Aspectos religiosos |
| -- | Cristianismo |
| 773 0# - ASIENTO DE ITEM FUENTE | |
| Título | Apuntes Pastorales |
| Biblionumber | 49442 |
| Itemnumber | 60163 |
| Parte(s) relacionada(s) / Volumen., número. (mes año), páginas | Volumen 18, número 1 (2000), páginas 34-35 |
| Enumeración y primera página | Página 34 |
| 942 ## - TIPO DE MATERIAL (KOHA) | |
| Tipo de Item KOHA | Artículos de Revista |
| 945 ## - INFORMACIÓN LOCAL DEL REGISTRO | |
| Catalogador | JTF-925 |
No hay ítems disponibles.
